Freakonomics <a> rogue economist explores the hidden side of everything

Gespeichert in:
Bibliographische Detailangaben
1. Verfasser: Levitt, Steven D.
Weitere Verfasser: Dubner, Stephen J.
Format: Buch
Sprache:Englisch
Veröffentlicht: London Penguin Books 2006
Schlagworte:
Tags: Tag hinzufügen
Keine Tags, Fügen Sie das erste Tag hinzu!

MARC

LEADER 00000nam$a2200000$$$4500
001 0067051
005 20240312115656.9
020 |a 978-0-141-03008-1 
020 |a 978-0-14-103008-1 
041 0 |a eng 
044 |a GB 
245 1 0 |a Freakonomics  |b <a> rogue economist explores the hidden side of everything  |c Steven D. Levitt and Stephen J. Dubner 
264 1 |a London  |b Penguin Books  |c 2006 
300 |a xv, 320 s. 
610 2 0 |a ekonómia 
610 2 0 |a psychológia 
610 2 0 |a psychológia ekonomická 
610 2 0 |a aktivita spoločenská 
610 2 0 |a správanie 
610 2 0 |a myslenie ekonomické 
610 2 0 |a kriminalita 
610 2 0 |a rodina 
610 2 0 |a výchova 
610 2 0 |a vzťahy spoločenské 
100 1 |a Levitt, Steven D. 
700 1 |a Dubner, Stephen J.